000 01657nam a22002417a 4500
999 _c5993
_d5993
003 DO-SdBJH
005 20210309132602.0
008 210309b ||||| |||| 00| 0 spa d
040 _aDO-SdBJH
_bspa
_cDO-SdBJH
090 _aTG ANMG
_b01403 2018
100 1 _aMarichal Rodríguez, Fernando José
_esustentante
245 _aSituación actual y prospectiva de la infantería de Marina en la Armada de República Dominicana /
_cFernando José Marichal Rodríguez, Cristiand Mota Matos, asesores Caonabo Cáceres Mejía, Gertrudis Perera Rodríguez
260 _aSanto Domingo Este :
_bINSUDE,
_c2018
300 _axxiv, 42 páginas
502 _aTrabajo de grado (Licenciado en Ciencias Navales). -- Instituto Superior para la Defensa (INSUDE). Academia Naval Marina de Guerra “Vicealmirante Cesar D’Windt Lavandier”, 2018
504 _aIncluye referencias bibliográficas e índices
505 _aHistoria, principios y guías establecidos en el marco doctrinal relacionados con los roles y misiones de la Infantería de Marina (ARD). -- Describir la situación actual de la infantería de Marina en la Armada de República Dominicana. -- Generalidades de las infanterías de Marina mas completas de Latioamérica. -- Determinar el escenario futurista que deberá enfrentar la Infantería de Marina de la Armada de República Dominicana.
700 1 _aMota Matos, Cristiand
_esustentante
700 1 _aCáceres Mejía, Caonabo
_easesor
700 1 _aPerera Rodríguez, Gertrudis
_easesor
830 _aINSUDE. Academia Naval Marina de Guerra “Vicealmirante Cesar D’Windt Lavandier”. Tesis y disertaciones académicas
942 _2CL
_cT